000 00294nam a22001337a 4500
008 170630b xxu||||| |||| 00| 0 eng d
020 _a9781840461695
041 _aeng
080 _a05
100 _a22
101 _aGJL
245 _aLINGUISTICS INTRODUCTION
_cTRASK.R.L
942 _2udc
_cBK
999 _c19724
_d19724